000 00345nam a2200133Ia 4500
005 20260328101443.0
008 260328s9999||||xx |||||||||||||| ||und||
100 _aGeorge, Carl J.
245 0 _aUrban Ecology :
_b In search of an asphalt rose /
_cCarl J. George
260 _bMcGraw Hill
300 _a181 p.
650 _aURBANISMO
942 _cBK
999 _c8337
_d8337